World Cup logos since 1930 - Statistics

General Stats
  • This quiz has been taken 40 times
  • The average score is 20 of 22
Answer Stats
Picture Answer % Correct
Italy 1934
100%
Italy 1990
100%
Uruguay 1930
100%
Brazil 1950
97%
Brazil 2014
97%
England 1966
97%
France 1938
97%
France 1998
97%
Qatar 2022
97%
South Africa 2010
97%
Spain 1982
97%
United States of America 1994
97%
Argentina 1978
94%
Mexico 1970
94%
Mexico 1986
94%
Russia 2018
94%
Switzerland 1954
94%
Chile 1962
92%
Germany 2006
92%
Sweden 1958
83%
West Germany 1974
50%
South Korea / Japan 2002
39%
No matching quizzes found
Score Distribution
Percent of People with Each Score
Percentile by Number Answered
Your Score History
You have not taken this quiz